BIBLIOTECA “JULIO CORTÁZAR”
ESCUELA AGROTÉCNICA “LIBERTADOR GENERAL SAN MARTÍN” - UNR – CASILDA

Logo Escuela Logo UNR

Descripción de los cultivares de peral (P. communis) : (Record no. 451)

MARC details
000 -LEADER
campo de control de longitud fija 00776nam#a22002535ar4500
001 - NÚMERO DE CONTROL
campo de control 451
008 - DATOS DE LONGITUD FIJA--INFORMACIÓN GENERAL
campo de control de longitud fija 061114s1967####ag#ao##e######001#0#spa#d
080 ## - NÚMERO DE LA CLASIFICACIÓN DECIMAL UNIVERSAL
Número de la Clasificación Decimal Universal 634.13/061)
084 ## - OTRO NÚMERO DE CLASIFICACIÓN
Número de clasificación D46
040 ## - FUENTE DE CATALOGACIÓN
Centro catalogador/agencia de origen AR-ClEAG
Centro/agencia transcriptor AR-ClEAG
005 - FECHA Y HORA DE LA ÚLTIMA TRANSACCIÓN
campo de control 20241107184636.0
003 - IDENTIFICADOR DE NÚMERO DE CONTROL
campo de control AR-ClEAG
100 1# - ENTRADA PRINCIPAL--NOMBRE DE PERSONA
Nombre de persona De Tacchini Welkerling, Emma M. L.
245 10 - MENCIÓN DEL TÍTULO
Título Descripción de los cultivares de peral (P. communis) :
Resto del título de la colección pomológica de la estación experimental Agropecuaria Mendoza /
Mención de responsabilidad, etc. Emma M. L., Welkerling De Tacchini.
250 ## - MENCION DE EDICION
Mención de edición 1ª.
260 ## - PUBLICACIÓN, DISTRIBUCIÓN, ETC.
Lugar de publicación, distribución, etc. Buenos Aires :
Nombre del editor, distribuidor, etc. Colección agropecuaria de INTA,
Fecha de publicación, distribución, etc. 1967.
300 ## - DESCRIPCIÓN FÍSICA
Extensión 641 p. :
Otras características físicas il, fot ;
Dimensiones 16 cm.
653 ## - TÉRMINO DE INDIZACIÓN--NO CONTROLADO
Término no controlado Beurre
653 ## - TÉRMINO DE INDIZACIÓN--NO CONTROLADO
Término no controlado Maguate
653 ## - TÉRMINO DE INDIZACIÓN--NO CONTROLADO
Término no controlado Fertility
653 ## - TÉRMINO DE INDIZACIÓN--NO CONTROLADO
Término no controlado Hessle
653 ## - TÉRMINO DE INDIZACIÓN--NO CONTROLADO
Término no controlado Conclusiones
942 ## - ELEMENTOS DE ENTRADA SECUNDARIOS (KOHA)
Tipo de ítem Koha Libros
980 ## - EQUIVALENCIA O REFERENCIA-CRUZADA-MENCIÓN DE SERIE--NOMBRE DE PERSONA/TÍTULO [LOCAL, CANADÁ]
Enlace 2
Nombre de persona Evangelina Gallicchio
Enlace entre campo y número de secuencia 2
Información miscelánea Evangelina Gallicchio
Holdings
Estatus retirado Estado de pérdida Fuente del sistema de clasificación o colocación Estado de daño No para préstamo Biblioteca de origen Biblioteca actual Ubicación en estantería Fecha de adquisición Número de inventario Total de préstamos Signatura topográfica completa Código de barras Visto por última vez Precio de reemplazo Tipo de ítem Koha
    Clasificación decimal universal     Julio Cortázar Julio Cortázar   07/11/2024 1309   R11 634.13/061) D46 1 Ej.1 1309 07/11/2024 07/11/2024 Libros

Contacto

Biblioteca Julio Cortázar. Escuela Agrotécnica "Libertador San Martín". Universidad Nacional de Rosario
Dirección: Ov. Lagos 1000 - 2170 Casilda - Santa Fe - Argentina
Tel: (54) (03464) 422226.
Fax: (54) (03464) 427789.
E-Mail: biblio-eac@unr.edu.ar